00731nam a2200241 a 4500001001300000003000900013005001700022008004100039020001000080082001700090100003300107245003800140260003600178300000900214500003500223505001700258650003800275700003300313902000800346942000700354952011300361999001500474nice12345678IN_TiNIC20260116012013.0050524s1955 dela grp 000 0 urd  ac4.500a297.409bNIZ aNizami, Shabbir Hasan Chisht aKhawaja Qutubuddin Bakhtiar Kaaki aDelhibAastana Book Depotc1955 a272p aincludes index and biblioraphy2 abibliography aSufism-Hagiography-Bakhtiar Kaaki1 aNizami, Shabbir Hasan Chisht bSRS cBK 001040708StackRoom-aHMIbHMId2007-07-03g4.50l0o297.409 NIZp08930r2007-07-03v4.50w2005-05-24yBK c5247d5247